Engineering mathematics (Record no. 147)

MARC details
000 -LEADER
Fixed length control field 00555nam a2200205 4500
003 - CONTROL NUMBER IDENTIFIER
Control field SEACOMMC
005 - DATE AND TIME OF LATEST TRANSACTION
Control field 20231011101055.0
008 - FIXED-LENGTH DATA ELEMENTS--GENERAL INFORMATION
Fixed length control field 231011b |||||||| |||| 00| 0 eng d
020 ## - INTERNATIONAL STANDARD BOOK NUMBER / ISBN
Price Rs. 210.00
040 ## - CATALOGING SOURCE
Original cataloging agency SEACOMMC
082 ## - DEWEY DECIMAL CLASSIFICATION NUMBER
Classification number 510.02462
Book Number SUN
100 1# - MAIN ENTRY--PERSONAL NAME
Personal name Sundaram, V.
245 1# - TITLE STATEMENT
Title Engineering mathematics
Statement of responsibility V. Sundaram, R. Balasubramanian and K.A. Lakshminarayanan
250 ## - EDITION STATEMENT
Edition statement 2nd ed.
260 ## - IMPRINT
Place of publication New Delhi
Name of publisher Vikas
Date of publication 2005
650 ## - SUBJECT ADDED ENTRY--TOPICAL TERM
Topical term Mathematics
700 1# - ADDED ENTRY--PERSONAL NAME
Personal name Balasubramanian, R.
700 1# - ADDED ENTRY--PERSONAL NAME
Personal name Lakshminarayanan, K.A.
942 ## - ADDED ENTRY ELEMENTS (KOHA)
Koha item type Books

No items available.

© Seacom Engineering College, All rights reserved.    Powered by Koha